[Event "Moscow Botvinnik Memorial Cup"]
[Site "Moscow"]
[Date "2022.08.20"]
[Round "5.1"]
[White "Harutjunyan, Gevorg"]
[Black "Murodova, Madina"]
[Result "1-0"]
[WhiteElo "2404"]
[BlackElo "1218"]
[PlyCount "49"]
[EventDate "2022.08.18"]
[EventType "team-tourn"]
[EventRounds "9"]
[EventCountry "RUS"]
[SourceTitle "CBM 209 Extra"]
[Source "ChessBase"]
[SourceDate "2022.09.30"]
[SourceVersion "1"]
[SourceVersionDate "2022.09.30"]
[SourceQuality "1"]
[WhiteTeam "Armenia"]
[BlackTeam "Tajikistan"]
[WhiteTeamCountry "ARM"]
[BlackTeamCountry "TJK"]

1. Nf3 Nf6 2. g3 Nc6 3. d4 e6 4. Bg2 Be7 5. c4 0-0 6. 0-0 d6 7. Nc3 Bd7 8. Qc2 Nb4 9. Qb3 d5 10. cxd5 exd5 11. a3 Qc8 12. axb4 h5 13. Ne5 Be6 14. Nxd5 Kh8 15. Nxe7 Bxb3 16. Nxc8 Raxc8 17. Bxb7 Rb8 18. Rxa7 Kg8 19. Bg5 Bd5 20. Bxd5 Nxd5 21. e4 Rxb4 22. exd5 f6 23. Nc6 Rxb2 24. Bf4 Rd8 25. Nxd8 1-0